Obojstranne výhodná spolupráca

Dlhodobý zámer EU v Bratislave na obdobie 2007-2011 s výhľadom do roku 2015. Cieľom je zaradenie EU BA medzi univerzitné vysoké školy. Akreditácia študijných odborov. Študijný program poisťovníctvo.

Salvato in:
Dettagli Bibliografici
Autore principale: Sivák, Rudolf, 1955-
Natura: Capitolo di libro
Lingua:slovacco
Soggetti:
Tags: Aggiungi Tag
Nessun Tag, puoi essere il primo ad aggiungerne!!

MARC

LEADER 00000naa$a2200000$$$4500
001 0068877
005 20240502071831.8
041 0 |a slo 
044 |a SK 
245 1 0 |a Obojstranne výhodná spolupráca  |c Rudolf Sivák 
520 |a Dlhodobý zámer EU v Bratislave na obdobie 2007-2011 s výhľadom do roku 2015. Cieľom je zaradenie EU BA medzi univerzitné vysoké školy. Akreditácia študijných odborov. Študijný program poisťovníctvo. 
610 2 0 |a univerzity 
610 2 0 |a akreditácia 
610 2 0 |a odbory študijné 
610 2 0 |a poisťovníctvo 
100 1 |a Sivák, Rudolf, 1955-